000 00380nam a2200145Ia 4500
008 150201s1993 xx 000 0 und d
082 _a617.601
_bH1993G
100 _aGRIFFATHS JENET
245 _aHOLISTIC ORAL CARE : A PRACTICAL APPROACH
250 _a1ST
260 _bMOSBY
_aDELHI
_c1993
300 _a1-266
650 _aPREVENTIVE AND COMMUNITY DENTISTRY
942 _2ddc
_cBK
999 _c4162
_d4162